000 00705nam a2200289Ia 4500
005 20260324145045.0
008 008 260324s9999 xx 000 0 eng d
020 _a9780429310461
037 _aEBOOK
040 _aCRL
040 _beng
040 _cCRL
041 _2eng
041 _aeng
084 _qCRL
100 _aJohn A Booth
_91206310
245 4 _aThe End And The Beginning
245 4 _bThe Nicaraguan Revolution, Second Edition, Revised And Updated
260 _bTaylor and Francis
260 _c1985
365 _a
365 _b230
856 _uhttp://www.taylorfrancis.com/books/9780429310461
942 _cEBOOK
999 _c1828987
_d1828987